Регионална библиотека "Любен Каравелов" - Русе

Съдбата е жена (Запис номер 30824)

MARC детайли
000 -Лидер
Контролно поле с фиксирана дължина 01564nam a2200349 c 4500
003 - Код на организацията, давaща контролен номер
Контролно поле BLK
005 - Дата и час на последна редакция
Контролно поле 20220401113144.0
008 - Елементи от данни с фиксирана дължина
fixed length control field 180407b bul|||||r ||||||| ||bul||
010 ## - Наследен системен номер
LC control number KNG00033462000
020 ## - Международен стандартен номер на книга ISBN
Международен стандартен номер на книга ISBN 954-17-0196-5
-- издат.: Калпазанов
040 ## - Източник на каталожния запис
Идентификатор на билиотеката - собственик на записа BLK
041 ## - Код за език
Код за езика на текст/звукозапис или на отделно заглавие Български
Код за езика КДБФ Български
080 ## - УДК
Текстов определител УДК Английска литература
УДК код - определител по УДК 821.111
УДК определител -31
УДК - код + определител 821.111-31
100 1# - Редна дума - Автор
Автор Адлър, Елизабет
Авторска отговорност първи автор
R(LIN) 364396
139 ## - Редно поле
Редна дума Адлър, Елизабет
Авторски знак Адл - А 31
245 10 - Сведения за заглавието
Заглавие Съдбата е жена
Подзаглавни данни Роман
Редно поле (дума) Елизабет Адлър; прев. от англ. Ангелина Пискова; прев. от англ. Магдалена Николаевна Куцарова.
250 ## - Област на изданието
Сведения за изданието 2. изд.
257 ## - Страна на издаване
Страна на създаване/издаване Великобритания
260 ## - Област на издателските данни
-- София
Име на издателя, разпространителя и проч. Калпазанов
Година на издаване 2000
Печатница София : Инвестпрес
300 ## - Физическа характеристика
Страници 480 с.
Размери/Мащаб 20 см
380 ## - Жанр
Жанр Худож. лит.
490 1# - СЕРИИ (Колекции)
Име на серия Колекция Елизабет Адлър
500 ## - Общи забележки
Забележка Ориг. загл. Fortune Is a Women / Elizabeth Adler. - 1. изд. 1995 на изд. Прозорец в Поредица Блясък. - Офс. изд.
653 ## - Ключова дума – ненормативна
Ключова дума романи
700 1# - Други автори (авторска отговорност)
Лично име Пискова, Ангелина
Автороска отговорност (Описва отношението между автора и произведението) прев. от англ.
9 (RLIN) 241665
700 1# - Други автори (авторска отговорност)
Лично име Куцарова, Магдалена Николаевна
Автороска отговорност (Описва отношението между автора и произведението) прев. от англ.
9 (RLIN) 364094
852 ## - Местоположение
Форматна сигнатура Цб 205662
856 4# - Електронен адрес и достъп
Електронен формат pdf - файл
Път до файла /url/
856 4# - Електронен адрес и достъп
Електронен формат pdf - файл
Път до файла /url/
942 ## - АРТИКУЛИ
Вид на библиотечния материал Книги
Скрит в OPAC Не
Koha issues (borrowed), all copies 59
944 ## - СЪЗДАВАНЕ И РЕДАКЦИЯ на ЗАПИСА
Създаване/Редакция Създаване
Дата на регистрацията/редакция 15.01.2003
Статус, дата на статуса ф /
Служител, извършил регистрацията/редакцията Людмила_Стоянова
944 ## - СЪЗДАВАНЕ И РЕДАКЦИЯ на ЗАПИСА
Създаване/Редакция Редакция
Дата на регистрацията/редакция 19.04.2017
Статус, дата на статуса ф /
Служител, извършил регистрацията/редакцията Виолета_Тройчева
999 ## - СИСТЕМНИ КОНТРОЛНИ НОМЕРА
Koha biblionumber 30824
Koha biblioitemnumber 30824
Наличности
Код за отписване Код за изгубен артикул Източник на класификационната схема Код за повреда Коз за рестрикции Код за отдаване Артикулен № Име на библиотеката - собственик Име на библиотеката, в която се намира в момента Статус (Текущо местоположение) Дата на вписване в системата Местоположение - отдел Цена в лева Инвентарен номер Систематично азбучна сигнатура Баркод Номер на екземпляра Цена в евро Служебна бележка Служебен тип на артикула
  Не е изгубен Universal Decimal Classification Не е повреден без рестрикции ползва се в читалня 49334 Регионална библиотека "Любен Каравелов" Русе Регионална библиотека "Любен Каравелов" Русе Хранилище 2001-01-01 Хранилище 7.00 659247 Цб 205662 120000659247 1 3.58 Дост: Dp Вид: Д N: стар фонд Дата: 01.01.2001 Книги
Изтеглен Не е изгубен Universal Decimal Classification Не е повреден без рестрикции заемане за дома 49335 Регионална библиотека "Любен Каравелов" Русе Регионална библиотека "Любен Каравелов" Русе Заемна - подръчен фонд 2002-03-21 Заемна - подръчен фонд 8.00 120000669161 П 820-31/А 31 120000669161 2 4.09 Дост: Pk Вид: Ф N: 8 Дата: 20.03.2002 Книги
Изтеглен Не е изгубен Universal Decimal Classification Не е повреден без рестрикции заемане за дома 49336 Регионална библиотека "Любен Каравелов" Русе Регионална библиотека "Любен Каравелов" Русе Заемна - подръчен фонд 2014-02-07 Заемна - подръчен фонд 8.00 120000774136 П 820-31/А 31 120000774136 3 4.09 Дост: DA Вид: А N: 3 Дата: 07.02.2014 Дата инв: 16.02.2018 Бележки инв: П2018 Книги
Изтеглен Не е изгубен Universal Decimal Classification Не е повреден без рестрикции заемане за дома 49337 Регионална библиотека "Любен Каравелов" Русе Регионална библиотека "Любен Каравелов" Русе Заемна - подръчен фонд 2015-12-28 Заемна - подръчен фонд 10.00 120000796462 П 820-31/А 31 120000796462 4 5.11 Дост: DA Вид: А N: 27 Дата: 28.12.2015 Дата инв: 01.03.2018 Бележки инв: П2018 Книги
Vip Innovations Ltd, Rousse, Bulgaria 2025